Statistics for Frasier Quiz

Click here to take the quiz!

General Stats

  • This quiz has been taken 778 times
  • The average score is 8 of 16

Answer Stats

Answer% Correct
What is Martin's Dog Called?Eddie
98%
Martin stays with who?Frasier
98%
What city is the Sitcom based?Seattle
95%
What is Nile's First wifes name?Maris
91%
Who plays Frasier Crane?Kelsey Grammer
83%
Daphne is Martin Crane's Pysiotherepist, But which English city is she from?Manchester
79%
Niles and Daphne finally married in Las Vegas, but they had only told one person? Who was that Person?Roz
76%
What is the radio station called that frasier works?KACL
73%
What is the name of frasier's upstairs Neighbour, who is frasier's emeny?Cam Winston
40%
What is the name of the Apartment complex that Frasier lives?Elliott Bay Towers
32%
Roz is Frasier's Producer but Roz is short for her name? What is her name?Rosalinda
32%
Martin Crane was in the Police Force, But what happened to make him retire early?He got shot
16%
Niles and Daphne had a baby boy called David, But where did they have it?At the Vet
7%
Again based on the answer above. Who's wedding was it?Martin and Ronnie's Wedding
1%
The song at the end of the show is sang by Fraiser but what is it called?Tossed Salad and Scrambeled Egg
1%
based on the answer above, Why were they there in the first place?Eddie ate the Wedding Rings
0%

Score Distribution

Percentile by Number Answered

Percent of People with Each Score

Your Score History

You have not taken this quiz